Gestión de un sistema de control de procesos constructivos de vivienda de interés social
Zapisane w:
| 1. autor: | |
|---|---|
| Format: | Książka |
| Wydane: |
[San José, Costa Rica]
2007
|
| Hasła przedmiotowe: | |
| Etykiety: |
Dodaj etykietę
Nie ma etykietki, Dołącz pierwszą etykiete!
|
MARC
| LEADER | 00000nam a2200000Ia 4500 | ||
|---|---|---|---|
| 003 | 009914 | ||
| 005 | 20221231144109.0 | ||
| 008 | 140114s2007 cr a 000 ||s d | ||
| 040 | |c cru CEDI | ||
| 090 | |a TFG 5441 | ||
| 100 | |a Fernández Fonseca, Eduardo |9 4891 | ||
| 245 | |a Gestión de un sistema de control de procesos constructivos de vivienda de interés social | ||
| 260 | |c 2007 |b [San José, Costa Rica] | ||
| 300 | |a 125 hojas, [1] hojas de láminas (plegables); ilustraciones a color | ||
| 500 | |a Proyecto de graduación (licenciatura en ingeniería civil)--Universidad de Costa Rica. Facultad de Ingeniería. Escuela de Ingeniería Civil | ||
| 650 | |x FUNDACION PROMOTORA DE VIVIENDA (COSTA RICA) |x CONSTRUCCION |x CONTROL DE CALIDAD |x METODOLOGIA |x VIVIENDAS OBRERAS |x ADMINISTRACION DE PROYECTOS |9 4892 | ||
| 942 | |c TFG | ||
| 999 | |c 16834 |d 16834 | ||
